| LEADER | 01000naa a2200265 c 4500 | ||
|---|---|---|---|
| 001 | 1751865576 | ||
| 003 | DE-627 | ||
| 005 | 20210319112608.0 | ||
| 007 | tu | ||
| 008 | 210319s2010 xx ||||| 00| ||ger c | ||
| 035 | |a (DE-627)1751865576 | ||
| 035 | |a (DE-599)KXP1751865576 | ||
| 040 | |a DE-627 |b ger |c DE-627 |e rda | ||
| 041 | |a ger | ||
| 100 | 1 | |a Agazzi, Elena |d 1961- |e verfasserin |0 (DE-588)112370705 |0 (DE-627)488055873 |0 (DE-576)167229982 |4 aut | |
| 245 | 1 | 0 | |a Heimkehren – ein Vorwort |c von Elena Agazzi und Erhard Schütz |
| 264 | 1 | |c 2010 | |
| 336 | |a Text |b txt |2 rdacontent | ||
| 337 | |a ohne Hilfsmittel zu benutzen |b n |2 rdamedia | ||
| 338 | |a Band |b nc |2 rdacarrier | ||
| 500 | |a Literaturangaben | ||
| 700 | 1 | |a Schütz, Erhard |d 1946- |e verfasserin |0 (DE-588)130468983 |0 (DE-627)502216336 |0 (DE-576)162985290 |4 aut | |
| 773 | 0 | 8 | |i Enthalten in |t Heimkehr |d Berlin : Duncker & Humblot, 2010 |g (2010), Seite 7-20 |h 274 Seiten |w (DE-627)63283658X |w (DE-576)327974265 |z 9783428133796 |z 342813379X |z 9783428833795 |7 nnam |
| 773 | 1 | 8 | |g year:2010 |g pages:7-20 |
| 912 | |a GBV_USEFLAG_U | ||
| 912 | |a GBV_ILN_694 | ||
| 912 | |a ISIL_DE-Po82 | ||
| 912 | |a SYSFLAG_1 | ||
| 912 | |a GBV_KXP | ||
| 912 | |a GBV_ILN_11 | ||
| 912 | |a GBV_ILN_20 | ||
| 912 | |a GBV_ILN_21 | ||
| 912 | |a GBV_ILN_22 | ||
| 912 | |a GBV_ILN_24 | ||
| 912 | |a GBV_ILN_31 | ||
| 912 | |a GBV_ILN_40 | ||
| 912 | |a GBV_ILN_50 | ||
| 912 | |a GBV_ILN_61 | ||
| 912 | |a GBV_ILN_65 | ||
| 912 | |a GBV_ILN_70 | ||
| 912 | |a GBV_ILN_72 | ||
| 912 | |a GBV_ILN_104 | ||
| 912 | |a GBV_ILN_121 | ||
| 912 | |a GBV_ILN_350 | ||
| 912 | |a GBV_ILN_606 | ||
| 912 | |a GBV_ILN_674 | ||
| 912 | |a GBV_ILN_733 | ||
| 912 | |a GBV_ILN_2002 | ||
| 912 | |a GBV_ILN_2003 | ||
| 912 | |a GBV_ILN_2005 | ||
| 912 | |a GBV_ILN_2006 | ||
| 912 | |a GBV_ILN_2007 | ||
| 912 | |a GBV_ILN_2008 | ||
| 912 | |a GBV_ILN_2010 | ||
| 912 | |a GBV_ILN_2011 | ||
| 912 | |a GBV_ILN_2049 | ||
| 912 | |a GBV_ILN_2056 | ||
| 912 | |a GBV_ILN_2156 | ||
| 912 | |a GBV_ILN_2208 | ||
| 951 | |a AR | ||
| 952 | |j 2010 |h 7-20 | ||
| 980 | |2 694 |1 01 |x 4694 |b 3891109687 |y x |z 19-03-21 | ||